A legendás szolgáltatás

Bibliographic Details
Main Author: Sulák Ádám
Other Authors: Jäckel Dr. Katalin
Format: Thesis
Kulcsszavak:Szolgáltatás
Marketing
STEEP elemzés
Marketingstratégia
GDPR
SWOT-analízis
Rendezvényszervezés
Online Access:http://dolgozattar.uni-bge.hu/16297

MARC

LEADER 00000nta a2200000 i 4500
001 dolg16297
005 20200325113137.0
008 180514suuuu hu om 000 hun d
040 |a BGE Dolgozattár Repozitórium  |b hun 
041 |a hu 
100 1 |a Sulák Ádám 
245 1 2 |a A legendás szolgáltatás  |c Sulák Ádám  |h [elektronikus dokumentum] 
246 1 1 |a A legendás szolgáltatás 
695 |a Szolgáltatás 
695 |a Marketing 
695 |a STEEP elemzés 
695 |a Marketingstratégia 
695 |a GDPR 
695 |a SWOT-analízis 
695 |a Rendezvényszervezés 
700 1 |a Jäckel Dr. Katalin  |e ths 
856 4 0 |u http://dolgozattar.uni-bge.hu/16297/1/SZAKDOLGOZAT.pdf  |z Dokumentum-elérés